| 000 | 00443nam a2200169 a 4500 | ||
|---|---|---|---|
| 001 | 20472 | ||
| 005 | 20180713214048.0 | ||
| 008 | 140415s1977 000 0 spa d | ||
| 041 | _aspa | ||
| 082 |
_a158.1 _bMAN |
||
| 100 | 1 | _aMandino, Og,. | |
| 245 | 1 | 3 | _aEL SECRETO MAS GRANDE DEL MUNDO |
| 260 |
_a[s.l.] : _bDIANA, _c1977 |
||
| 300 | _a192 | ||
| 650 | 1 | 4 |
_aEXITO _xPERSONALIDAD |
| 700 | 1 |
_aALVAREZ FRANCO, MARGARITA _etr. |
|
| 999 |
_c20472 _d20472 |
||